Normal view MARC view
  • Tuncay, A. Can,

Entry Personal Name

Number of records used in: 4

001 - CONTROL NUMBER

  • control field: 120642

003 - CONTROL NUMBER IDENTIFIER

  • control field: TR-AnTOB

005 - DATE AND TIME OF LATEST TRANSACTION

  • control field: 20190408222013.0

008 - FIXED-LENGTH DATA ELEMENTS

  • fixed length control field: 860415n| azannaabn |n aaa

010 ## - LIBRARY OF CONGRESS CONTROL NUMBER

  • LC control number: n 85139843

024 ## - OTHER STANDARD IDENTIFIER

  • Source of number or code: uri
  • Standard number or code: http://koha.etu.edu.tr/cgi-bin/koha/opac-authoritiesdetail.pl?authid=120642&marc=1

035 ## - SYSTEM CONTROL NUMBER

  • System control number: (OCoLC)oca01588780

035 ## - SYSTEM CONTROL NUMBER

  • System control number: (TR-AnTOB)120642

040 ## - CATALOGING SOURCE

  • Original cataloging agency: DLC
  • Language of cataloging: eng
  • Description conventions: rda
  • Transcribing agency: DLC
  • Modifying agency: OCoLC
  • Modifying agency: TR-AnTOB

100 1# - HEADING--PERSONAL NAME

  • Personal name: Tuncay, A. Can,
  • Dates associated with a name: 1944-

375 ## - GENDER

  • Gender: Males

377 ## - ASSOCIATED LANGUAGE

  • Language code: tur

400 1# - SEE FROM TRACING--PERSONAL NAME

  • Personal name: Tuncay, Aziz Can,
  • Dates associated with a name: 1944-

670 ## - SOURCE DATA FOUND

  • Source citation: Turkey. Yeni Türk iş hukuku mev., 1984:
  • Information found: t.p. (Doç. Dr. A. Can Tuncay; on teaching staff, Labor Law & Soc. Sec. Law Branch, Istanbul Univ. Fac. of Law)
Devinim Yazılım Eğitim Danışmanlık tarafından Koha'nın orjinal sürümü uyarlanarak geliştirilip kurulmuştur.